000 nam a22 7a 4500
999 _c232969
_d232969
003 Nust
005 20170227115400.0
008 170227b xxu||||| |||| 00| 0 eng d
040 _cDLC
082 _a891.4393 SHA
245 _aماں جی
_cشہاب،قدرت اللہ
260 _aLahore :
_c2009
300 _c25cm
942 _2ddc
_cBK